01181cam a2200277 a 450000500170000000800410001701000140005802000260007202000230009803500130012103700130013404000080014708200150015510000290017024500800019926000480027930000400032750000510036752002430041860000680066160000650072965000310079465000320082565100250085770000210088220080104121344.0061003s2006 ii a b 001 0deng  aENG-95524 a9780198062813c345.00 a0198062818c345.00 aEN-79057 bDBAD/PUB aDPL a809.933585 aBharucha, Rustom,d1953- aAnother Asia :bRabindranath Tagore and Okakura Tenshin /cRustom Bharucha. aNew Delhi :bOxford University Press,c2009 axxiv, 236 p. :bill. ;c23 cm.(Pbk) aIncludes bibliographical references and index. aOn the works and friendship between Rabindranath Tagore, 1861-1941, Bengali and English author and Kakuzō Okakura, 1862-1913, Japanese author with special reference to the depiction of Asia, nationalism, and civilization in their works. aTagore, Rabindranath,d1861-1941xCriticism and interpretation. aOkakura, Kakuzō,d1862-1913xCriticism and interpretation. aNationalism in literature. aCivilization in literature. aAsiaxIn literature. aTenshin, Okakura